000
00231nam a22001097a 4500
020
_a
978-1-84866-063-2
082
_a
510
_b
ELW/M
100
_a
RICHARD ELWES
245
_a
MATHS 1001
_b
MATHS
246
_a
MATHS 1001
_b
MATHS
942
_c
BK
999
_c
1286
_d
1286